[Event "Rottach Egern Seniors Cup 13th"]
[Site "Rottach Egern"]
[Date "2025.04.03"]
[Round "6"]
[White "Brettschneider, Karl"]
[Black "Kirszenberg, Marc"]
[Result "0-1"]
[WhiteElo "1986"]
[BlackElo "2066"]
[PlyCount "37"]
[EventDate "2025.03.29"]
[EventType "swiss"]
[EventRounds "9"]
[EventCountry "GER"]
[SourceTitle "CB16_2025"]
[SourceDate "2025.04.16"]
[SourceVersion "1"]
[SourceVersionDate "2025.04.16"]
[SourceQuality "1"]

1. c4 c6 2. Nc3 d5 3. cxd5 cxd5 4. d4 e5 5. e3 e4 6. f3 Nf6 7. fxe4 dxe4 8. Bc4 Bd6 9. Nge2 0-0 10. Bd2 Nc6 11. a3 Bg4 12. h3 Bh5 13. g4 Bg6 14. Ba2 Rc8 15. Rf1 Nd7 16. Nf4 Qh4+ 17. Ke2 Bxf4 18. Rxf4 Qxh3 19. Qh1 0-1

[Event "Rottach Egern Seniors Cup 13th"]
[Site "Rottach Egern"]
[Date "2025.04.02"]
[Round "5"]
[White "Bartsch, Winfried"]
[Black "Brettschneider, Karl"]
[Result "0-1"]
[WhiteElo "1801"]
[BlackElo "1986"]
[PlyCount "94"]
[EventDate "2025.03.29"]
[EventType "swiss"]
[EventRounds "9"]
[EventCountry "GER"]
[SourceTitle "CB16_2025"]
[SourceDate "2025.04.16"]
[SourceVersion "1"]
[SourceVersionDate "2025.04.16"]
[SourceQuality "1"]

1. e4 c5 2. Nf3 Nc6 3. Bb5 e6 4. 0-0 Nge7 5. Re1 a6 6. Bf1 g6 7. Nc3 Bg7 8. d3 0-0 9. Bf4 d5 10. Qc1 b5 11. Bh6 d4 12. Ne2 e5 13. Bxg7 Kxg7 14. Ng3 f6 15. h3 Be6 16. Be2 Qd7 17. Nh2 h5 18. Rf1 Rh8 19. f4 exf4 20. Qxf4 Raf8 21. Nf3 Rf7 22. Qd2 Qd6 23. e5 Nxe5 24. Ne4 Nxf3+ 25. Bxf3 Qc7 26. Rae1 Bf5 27. Qf2 Bxe4 28. Bxe4 Qd6 29. h4 f5 30. Bf3 Nd5 31. Bxd5 Qxd5 32. Qf4 Rd8 33. Re2 Rdd7 34. Rfe1 Qd6 35. Qg5 Rf6 36. b3 c4 37. dxc4 bxc4 38. bxc4 Qc5 39. Re5 Qxc4 40. Qd2 Qxa2 41. Qb4 Rff7 42. Qb6 Qxc2 43. Re6 f4 44. R1e5 f3 45. Rg5 f2+ 46. Kh2 Qc7+ 47. Qxc7 Rxc7 0-1

[Event "Rottach Egern Seniors Cup 13th"]
[Site "Rottach Egern"]
[Date "2025.04.01"]
[Round "4"]
[White "Brettschneider, Karl"]
[Black "Schoetzig, Detlef"]
[Result "0-1"]
[WhiteElo "1986"]
[BlackElo "2106"]
[PlyCount "42"]
[EventDate "2025.03.29"]
[EventType "swiss"]
[EventRounds "9"]
[EventCountry "GER"]
[SourceTitle "CB16_2025"]
[SourceDate "2025.04.16"]
[SourceVersion "1"]
[SourceVersionDate "2025.04.16"]
[SourceQuality "1"]

1. c4 e5 2. Nc3 Nf6 3. g3 d5 4. cxd5 Nxd5 5. Bg2 Nb6 6. Nf3 Nc6 7. 0-0 Be7 8. d3 0-0 9. Nd2 Be6 10. b3 Qd7 11. Nc4 Rad8 12. Bb2 Bh3 13. Nxb6 axb6 14. Nd5 Bc5 15. Bxh3 Qxh3 16. Nxc7 Rd6 17. Bc1 f5 18. e3 Rh6 19. Re1 f4 20. Qf3 Qxh2+ 21. Kf1 fxg3 0-1

[Event "Rottach Egern Seniors Cup 13th"]
[Site "Rottach Egern"]
[Date "2025.03.29"]
[Round "1"]
[White "Brettschneider, Karl"]
[Black "Ryseck, Werner"]
[Result "1/2-1/2"]
[WhiteElo "1986"]
[BlackElo "1775"]
[PlyCount "118"]
[EventDate "2025.03.29"]
[EventType "swiss"]
[EventRounds "9"]
[EventCountry "GER"]
[SourceTitle "CB16_2025"]
[SourceDate "2025.04.16"]
[SourceVersion "1"]
[SourceVersionDate "2025.04.16"]
[SourceQuality "1"]

1. c4 e5 2. Nc3 Nf6 3. g3 Nc6 4. Bg2 b6 5. e3 Bb7 6. Nge2 Na5 7. Bxb7 Nxb7 8. d4 exd4 9. exd4 Bb4 10. a3 Bxc3+ 11. Nxc3 0-0 12. 0-0 Re8 13. Qf3 Na5 14. Bg5 h6 15. Bxf6 Qxf6 16. Qxf6 gxf6 17. Nd5 Re2 18. b4 Nb3 19. Rfe1 Nxd4 20. Red1 Nf3+ 21. Kg2 Ne5 22. Nxf6+ Kg7 23. Nxd7 Nxc4 24. Rd4 Nd6 25. Kf3 Re6 26. Rc1 Ne8 27. Rg4+ Rg6 28. Ne5 Rxg4 29. Kxg4 a5 30. Kf4 axb4 31. axb4 Rd8 32. Ke3 Rd5 33. f4 f6 34. Nd3 Rd7 35. h4 Kg6 36. g4 Nd6 37. f5+ Kg7 38. Nf4 Nb5 39. Ne6+ Kf7 40. Rc4 Re7 41. Kf4 Kg8 42. g5 hxg5+ 43. hxg5 fxg5+ 44. Kxg5 Kf7 45. Rh4 Kg8 46. Kf6 Rf7+ 47. Ke5 Nd6 48. Rg4+ Kh8 49. f6 Ne8 50. Rh4+ Kg8 51. Rh6 c5 52. b5 c4 53. Nd4 c3 54. Nc2 Nc7 55. Rh3 Nxb5 56. Ke6 Nc7+ 57. Ke5 Ne8 58. Rxc3 Rxf6 59. Rc8 Kf7 1/2-1/2

[Event "Wuerttemberg-chT Rapid"]
[Site "Boeblingen"]
[Date "2024.04.13"]
[Round "7.28"]
[White "Brettschneider, Karl"]
[Black "Retzlaff, Nick"]
[Result "1/2-1/2"]
[WhiteElo "1965"]
[BlackElo "1707"]
[PlyCount "89"]
[EventDate "2024.04.13"]
[EventType "team-tourn"]
[EventRounds "9"]
[EventCountry "GER"]
[SourceTitle "CBM 219 Extra"]
[Source "ChessBase"]
[SourceDate "2024.05.31"]
[SourceVersion "1"]
[SourceVersionDate "2024.05.31"]
[SourceQuality "1"]

1. c4 e5 2. Nc3 Nf6 3. g3 d5 4. cxd5 Nxd5 5. Bg2 Nxc3 6. bxc3 Bd6 7. Nf3 Nc6 8. 0-0 0-0 9. d4 exd4 10. Nxd4 Nxd4 11. Qxd4 Be6 12. Bxb7 Rb8 13. Bg2 Re8 14. Rd1 Be5 15. Qxd8 Rexd8 16. Rxd8+ Rxd8 17. Be3 Bxc3 18. Rc1 Bb2 19. Rb1 Be5 20. f4 Bxa2 21. Rc1 Bd6 22. Bxa7 Be6 23. Bc5 f6 24. Bxd6 cxd6 25. Rc7 Rd7 26. Rxd7 Bxd7 27. Bd5+ Kf8 28. e4 Ke7 29. Kf2 Be6 30. Bc6 f5 31. Ke3 fxe4 32. Kxe4 Kf6 33. Kd4 g6 34. Bf3 h5 35. Be4 Kf7 36. Bd5 Kf6 37. Bxe6 Kxe6 38. h3 d5 39. g4 Kd6 40. f5 gxf5 41. gxf5 h4 42. f6 Ke6 43. f7 Kxf7 44. Kxd5 Kg6 45. Ke5 1/2-1/2

[Event "Rottach Egern Seniors Cup 11th"]
[Site "Rottach Egern"]
[Date "2023.04.17"]
[Round "3"]
[White "Brettschneider, Karl"]
[Black "Esswein, Karlheinz"]
[Result "0-1"]
[WhiteElo "1939"]
[BlackElo "2069"]
[PlyCount "92"]
[EventDate "2023.04.15"]
[EventType "swiss"]
[EventRounds "9"]
[EventCountry "GER"]
[SourceTitle "EXT 2024"]
[Source "ChessBase"]
[SourceDate "2023.10.10"]
[SourceVersion "1"]
[SourceVersionDate "2023.10.10"]
[SourceQuality "1"]

1. c4 c5 2. Nc3 Nf6 3. g3 Nc6 4. Bg2 g6 5. e3 Bg7 6. Nge2 0-0 7. d4 d6 8. 0-0 Bd7 9. b3 Rc8 10. Bb2 a6 11. Qd2 Qa5 12. Rfd1 Rfd8 13. Nd5 Qxd2 14. Rxd2 Nxd5 15. Bxd5 b6 16. Rad1 Nb4 17. dxc5 Nxd5 18. Bxg7 bxc5 19. Rxd5 Kxg7 20. f4 Bg4 21. Kf2 a5 22. e4 Re8 23. R1d2 Bxe2 24. Kxe2 a4 25. Kd3 axb3 26. axb3 Rb8 27. Kc3 Rb6 28. e5 Reb8 29. Rb2 h5 30. exd6 exd6 31. Rd3 Kf6 32. h3 R8b7 33. Re3 Kf5 34. Kd2 h4 35. Ke2 hxg3 36. Kf3 g2 37. Rxg2 Rxb3 38. Rg5+ Kf6 39. h4 Rxe3+ 40. Kxe3 Re7+ 41. Kd3 Re1 42. h5 gxh5 43. Rxh5 Rd1+ 44. Kc3 Rd4 45. f5 Rf4 46. Rh6+ Ke5 0-1

[Event "Rottach Egern Seniors Cup 11th"]
[Site "Rottach Egern"]
[Date "2023.04.15"]
[Round "1"]
[White "Brettschneider, Karl"]
[Black "Schulze Forsthoevel, Manfred"]
[Result "1-0"]
[WhiteElo "1939"]
[BlackElo "1570"]
[PlyCount "95"]
[EventDate "2023.04.15"]
[EventType "swiss"]
[EventRounds "9"]
[EventCountry "GER"]
[SourceTitle "EXT 2024"]
[Source "ChessBase"]
[SourceDate "2023.10.10"]
[SourceVersion "1"]
[SourceVersionDate "2023.10.10"]
[SourceQuality "1"]

1. c4 f5 2. Nc3 Nf6 3. g3 g6 4. Bg2 Bg7 5. e3 0-0 6. d4 c6 7. Nge2 e6 8. d5 exd5 9. cxd5 d6 10. 0-0 c5 11. b3 Qe8 12. Bb2 Na6 13. Qd2 Nc7 14. Rfe1 b5 15. a3 Bd7 16. b4 c4 17. Nd4 Rc8 18. e4 Qd8 19. exf5 gxf5 20. Rac1 Re8 21. Rxe8+ Nfxe8 22. Re1 Qf6 23. Ne6 Bxe6 24. dxe6 Qd4 25. Qe2 Qe5 26. Qf1 Qd4 27. Rd1 Qe5 28. Nd5 Qxb2 29. Ne7+ Kf8 30. Nxc8 Nxe6 31. Nxd6 Nd4 32. Nxe8 Kxe8 33. Qe1+ Qe2 34. Qxe2+ Nxe2+ 35. Kf1 Nd4 36. Rxd4 Bxd4 37. Bc6+ Kd8 38. Bxb5 c3 39. Bd3 f4 40. Bxh7 fxg3 41. hxg3 a5 42. b5 Kc7 43. a4 Kb6 44. Bc2 Kc5 45. f4 Kb4 46. Ke2 Ka3 47. Kd3 Bg7 48. b6 1-0

[Event "Rottach Egern Seniors Cup 9th"]
[Site "Rottach Egern"]
[Date "2021.10.28"]
[Round "7"]
[White "Brettschneider, Karl"]
[Black "Eulering, Georg"]
[Result "0-1"]
[WhiteElo "1976"]
[BlackElo "2071"]
[PlyCount "82"]
[EventDate "2021.10.22"]
[EventType "swiss"]
[EventRounds "7"]
[EventCountry "GER"]
[SourceTitle "CBM 204 Extra"]
[Source "ChessBase"]
[SourceDate "2021.11.30"]
[SourceVersion "1"]
[SourceVersionDate "2021.11.30"]
[SourceQuality "1"]

1. c4 f5 2. d4 Nf6 3. Nc3 g6 4. g3 Bg7 5. Bg2 0-0 6. e3 d6 7. Nge2 e5 8. 0-0 c6 9. b3 e4 10. d5 c5 11. Bb2 Nbd7 12. Nf4 Ne5 13. Rb1 Re8 14. Na4 Bd7 15. Nc3 a6 16. a4 Rb8 17. Na2 b5 18. axb5 axb5 19. Bxe5 Rxe5 20. Re1 b4 21. Bf1 Re8 22. Be2 Qe7 23. Qc2 Ra8 24. Nc1 Ra6 25. Kg2 Rea8 26. Rd1 g5 27. Nh3 h6 28. Ng1 Be8 29. h3 Bg6 30. Rb2 Qa7 31. Rb1 Qe7 32. Re1 Kh7 33. Rd1 Nd7 34. Re1 Bc3 35. Rd1 Ne5 36. Kf1 Qf6 37. Kg2 f4 38. gxf4 gxf4 39. Bg4 f3+ 40. Kf1 h5 41. Be6 Qg5 0-1

[Event "RLP Seniors op 17th"]
[Site "Neustadt an der Weinstrasse"]
[Date "2019.07.27"]
[Round "8"]
[White "Brettschneider, Karl"]
[Black "Szenetra, Werner"]
[Result "1/2-1/2"]
[WhiteElo "1973"]
[BlackElo "2209"]
[PlyCount "75"]
[EventDate "2019.07.20"]
[EventType "swiss"]
[EventRounds "9"]
[EventCountry "GER"]
[SourceTitle "CBM 192 Extra"]
[Source "Chessbase"]
[SourceDate "2019.11.06"]
[SourceVersion "1"]
[SourceVersionDate "2019.11.06"]
[SourceQuality "1"]

1. c4 d6 2. Nc3 g6 3. d4 Bg7 4. g3 Nd7 5. Bg2 e5 6. e3 Ne7 7. Nge2 0-0 8. 0-0 a5 9. f4 exd4 10. exd4 Nb6 11. b3 a4 12. Be3 c6 13. Qd2 h5 14. h3 Bf5 15. Bf2 Qd7 16. Kh2 Ra6 17. Rad1 axb3 18. axb3 Rfa8 19. Qb2 Qc7 20. Ra1 d5 21. Rxa6 Rxa6 22. c5 Nd7 23. b4 Bd3 24. b5 cxb5 25. Nxb5 Qc6 26. Nbc3 Nf6 27. Re1 Bc4 28. Ng1 Nf5 29. Nf3 Ne4 30. Ne5 Bxe5 31. Bxe4 dxe4 32. fxe5 e3 33. Bxe3 h4 34. gxh4 Nxh4 35. Kg3 Nf5+ 36. Kf2 Nh4 37. Kg3 Nf5+ 38. Kf2 1/2-1/2

[Event "RLP Seniors op 17th"]
[Site "Neustadt an der Weinstrasse"]
[Date "2019.07.26"]
[Round "7"]
[White "Brettschneider, Karl"]
[Black "Kargoll, Peter"]
[Result "1/2-1/2"]
[WhiteElo "1973"]
[BlackElo "2147"]
[PlyCount "120"]
[EventDate "2019.07.20"]
[EventType "swiss"]
[EventRounds "9"]
[EventCountry "GER"]
[SourceTitle "CBM 192 Extra"]
[Source "Chessbase"]
[SourceDate "2019.11.06"]
[SourceVersion "1"]
[SourceVersionDate "2019.11.06"]
[SourceQuality "1"]

1. c4 e6 2. Nc3 d5 3. cxd5 exd5 4. d4 Nf6 5. g3 c6 6. Bg2 Bf5 7. Nf3 h6 8. 0-0 Be7 9. h3 Ne4 10. Nd2 Nxd2 11. Qxd2 0-0 12. g4 Bg6 13. f4 f5 14. e3 Kh7 15. Nd1 Bd6 16. Nf2 Qh4 17. Qe2 Nd7 18. Qf3 Rae8 19. Kh2 Nf6 20. Qg3 Nxg4+ 21. Nxg4 Qxg3+ 22. Kxg3 fxg4 23. hxg4 Be4 24. Bd2 g5 25. Bf3 Bxf3 26. Kxf3 gxf4 27. exf4 Rf6 28. Rae1 Rh8 29. Rh1 Kg7 30. Rh5 Rhf8 31. f5 b6 32. Bf4 Bxf4 33. Kxf4 R8f7 34. Re5 Rd6 35. Rh2 c5 36. Rd2 Rfd7 37. Re6 Rd8 38. Ke5 R6d7 39. Rg6+ Kf7 40. Rxh6 Re8+ 41. Re6 Rg8 42. Rg2 cxd4 43. Kxd4 Rc8 44. g5 Rc4+ 45. Kd3 Rf4 46. Re5 Rf3+ 47. Ke2 Rh3 48. Re3 Rh5 49. Kd3 Rh1 50. Reg3 Rf1 51. f6 Kg6 52. Rh2 Rd8 53. Rh6+ Kf5 54. g6 Kxf6 55. g7+ Kf7 56. Rh8 Rg8 57. Rh7 Rf2 58. Kc3 d4+ 59. Kb3 Re2 60. Rf3+ Kg6 1/2-1/2

[Event "RLP Seniors op 17th"]
[Site "Neustadt an der Weinstrasse"]
[Date "2019.07.23"]
[Round "4"]
[White "Brettschneider, Karl"]
[Black "Alle, Werner"]
[Result "1-0"]
[WhiteElo "1973"]
[BlackElo "1775"]
[PlyCount "55"]
[EventDate "2019.07.20"]
[EventType "swiss"]
[EventRounds "9"]
[EventCountry "GER"]
[SourceTitle "CBM 192 Extra"]
[Source "Chessbase"]
[SourceDate "2019.11.06"]
[SourceVersion "1"]
[SourceVersionDate "2019.11.06"]
[SourceQuality "1"]

1. c4 e6 2. d4 d5 3. cxd5 exd5 4. Nc3 Nf6 5. g3 Bb4 6. Bg2 c6 7. Bd2 0-0 8. a3 Be7 9. Nf3 Ne4 10. 0-0 Nd7 11. Bf4 Ndf6 12. Nd2 Nxc3 13. bxc3 Nh5 14. Be3 Re8 15. Nf3 Nf6 16. Qc2 Ne4 17. Nd2 Nd6 18. Bf4 Bf5 19. Qc1 Bg5 20. Bxg5 Qxg5 21. Re1 Qf6 22. f3 Re3 23. Ne4 dxe4 24. Qxe3 exf3 25. exf3 h5 26. Qe5 Qg6 27. Qf4 Be6 28. Qxd6 1-0

[Event "RLP Seniors op 17th"]
[Site "Neustadt an der Weinstrasse"]
[Date "2019.07.20"]
[Round "1"]
[White "Straesser, Gerda"]
[Black "Brettschneider, Karl"]
[Result "0-1"]
[WhiteElo "1666"]
[BlackElo "1973"]
[PlyCount "100"]
[EventDate "2019.07.20"]
[EventType "swiss"]
[EventRounds "9"]
[EventCountry "GER"]
[SourceTitle "CBM 192 Extra"]
[Source "Chessbase"]
[SourceDate "2019.11.06"]
[SourceVersion "1"]
[SourceVersionDate "2019.11.06"]
[SourceQuality "1"]

1. e4 c5 2. Nf3 Nc6 3. d4 cxd4 4. Nxd4 g6 5. c4 Bg7 6. Be3 Nf6 7. Nc3 d6 8. Be2 0-0 9. 0-0 Ne8 10. Qd2 Nc7 11. Rad1 Ne6 12. Nxc6 bxc6 13. f3 Qc7 14. Bh6 Rb8 15. Bxg7 Kxg7 16. Kh1 f6 17. b3 Nc5 18. Rfe1 Be6 19. Bf1 Rbd8 20. Qe3 Bc8 21. f4 e5 22. Rd2 Ne6 23. Ne2 c5 24. g3 Nd4 25. Nc3 Qf7 26. Bg2 Bb7 27. Red1 f5 28. Nd5 Bxd5 29. exd5 Rfe8 30. Qc3 Qf6 31. Re1 e4 32. Re3 Rd7 33. b4 Rb7 34. b5 a6 35. a4 axb5 36. axb5 Ra8 37. Re1 Rba7 38. Red1 Ra3 39. Qb2 Rb3 40. Qc1 Raa3 41. Rb2 Qd8 42. Rxb3 Rxb3 43. Qa1 Rb4 44. Rb1 Rxb1+ 45. Qxb1 Qb6 46. Qa1 e3 47. Bf1 Qd8 48. Qa7+ Kh6 49. b6 Qe8 50. Be2 Qe4+ 0-1

[Event "Bad Wiessee Senioren Cup 8th"]
[Site "Bad Wiessee"]
[Date "2019.05.12"]
[Round "2"]
[White "Brettschneider, Karl"]
[Black "Ryseck, Werner"]
[Result "1-0"]
[WhiteElo "1962"]
[BlackElo "1701"]
[PlyCount "93"]
[EventDate "2019.05.11"]
[EventType "swiss"]
[EventRounds "9"]
[EventCountry "GER"]
[SourceTitle "EXT 2020"]
[Source "ChessBase"]
[SourceDate "2019.10.17"]
[SourceVersion "1"]
[SourceVersionDate "2019.10.17"]
[SourceQuality "1"]

1. c4 e5 2. Nc3 Nf6 3. g3 Bb4 4. Bg2 0-0 5. e3 c6 6. Nge2 d5 7. cxd5 Nxd5 8. Nxd5 cxd5 9. Qb3 Qb6 10. Bxd5 Be6 11. Bxe6 fxe6 12. 0-0 Nd7 13. a3 Bc5 14. Qxb6 Bxb6 15. b4 Rac8 16. Bb2 Rc2 17. Bc3 Nf6 18. Rfc1 Rxc1+ 19. Rxc1 Ne4 20. Rf1 Rd8 21. Rd1 Rf8 22. f4 exf4 23. gxf4 a6 24. Kg2 Nd6 25. Bd4 Bxd4 26. Nxd4 Re8 27. Rc1 Re7 28. Nf3 h6 29. h4 Kf7 30. d3 Nb5 31. a4 Nc7 32. e4 Kf6 33. Kf2 Na8 34. Ke3 Nb6 35. a5 Nd7 36. Rc7 Nb8 37. Rxe7 Kxe7 38. Ne5 Kd6 39. Kd4 h5 40. Kc4 Nc6 41. Nxc6 Kxc6 42. d4 g6 43. e5 b5+ 44. axb6 Kxb6 45. d5 exd5+ 46. Kxd5 Kc7 47. Ke6 1-0

[Event "Wch Seniors 65 28th"]
[Site "Bled"]
[Date "2018.11.27"]
[Round "9"]
[White "Freeke, Kees"]
[Black "Brettschneider, Karl"]
[Result "0-1"]
[WhiteElo "1750"]
[BlackElo "2016"]
[PlyCount "42"]
[EventDate "2018.11.18"]
[EventType "swiss"]
[EventRounds "11"]
[EventCountry "SLO"]
[SourceTitle "CBM 187 Extra"]
[Source "ChessBase"]
[SourceDate "2018.11.04"]
[SourceVersion "1"]
[SourceVersionDate "2018.11.04"]
[SourceQuality "1"]

1. e4 c5 2. Nf3 Nc6 3. d4 cxd4 4. Nxd4 g6 5. Nc3 Bg7 6. Be3 d6 7. Be2 Nf6 8. 0-0 0-0 9. f4 Nd7 10. Qd2 Nxd4 11. Bxd4 e5 12. fxe5 Nxe5 13. Rad1 Be6 14. Kh1 a6 15. Nd5 Rc8 16. b3 b5 17. Rc1 Qh4 18. Bf3 Bxd5 19. Bxe5 Bxe5 20. g3 Bxg3 21. Qg2 Bf4 0-1

[Event "Bled Planinc Memorial 1st"]
[Site "Bled"]
[Date "2018.11.24"]
[Round "6"]
[White "Haessel, Dale R"]
[Black "Brettschneider, Karl"]
[Result "1/2-1/2"]
[WhiteElo "2155"]
[BlackElo "2016"]
[PlyCount "110"]
[EventDate "2018.11.24"]
[EventType "swiss (blitz)"]
[EventRounds "9"]
[EventCountry "SLO"]
[SourceTitle "CBM 187 Extra"]
[Source "ChessBase"]
[SourceDate "2018.11.04"]
[SourceVersion "1"]
[SourceVersionDate "2018.11.04"]
[SourceQuality "1"]

1. d4 f5 2. g3 Nf6 3. Bg2 e6 4. Nf3 d5 5. 0-0 Be7 6. c4 c6 7. Qc2 0-0 8. b3 Ne4 9. a4 Nd7 10. Ba3 Ndf6 11. Bxe7 Qxe7 12. a5 Bd7 13. Ne5 Be8 14. f3 Ng5 15. Nc3 Nf7 16. Nd3 Nd7 17. e4 dxe4 18. fxe4 fxe4 19. Bxe4 Nf6 20. Bg2 Qd6 21. Ne2 Rd8 22. c5 Qc7 23. a6 b5 24. cxb6 Qxb6 25. Nc5 Rd6 26. Rad1 Nd5 27. Qe4 Nf6 28. Qe3 Nd5 29. Qf2 Qc7 30. Bh3 Bd7 31. Ne4 e5 32. Bxd7 Rxd7 33. Nc5 Re7 34. dxe5 Qxe5 35. Nd4 Ne3 36. Nxc6 Nxd1 37. Nxe7+ Qxe7 38. Rxd1 Ne5 39. Qc2 Nf3+ 40. Kg2 Ne1+ 41. Rxe1 Qxe1 42. Qc4+ Kh8 43. Ne4 Qe3 44. b4 Re8 45. Nf2 Qe6 46. Qd3 Qc6+ 47. Kf1 Rf8 48. b5 Qb6 49. Qe2 Rc8 50. Nd3 Rf8+ 51. Nf2 Rc8 52. Ne4 Rf8+ 53. Nf2 Qd4 54. Kg2 Qd5+ 55. Kg1 Rb8 1/2-1/2

[Event "Wch Seniors 65 28th"]
[Site "Bled"]
[Date "2018.11.22"]
[Round "5"]
[White "Brettschneider, Karl"]
[Black "Lind, Jan Olov"]
[Result "0-1"]
[WhiteElo "2016"]
[BlackElo "2215"]
[PlyCount "64"]
[EventDate "2018.11.18"]
[EventType "swiss"]
[EventRounds "11"]
[EventCountry "SLO"]
[SourceTitle "CBM 187 Extra"]
[Source "ChessBase"]
[SourceDate "2018.11.04"]
[SourceVersion "1"]
[SourceVersionDate "2018.11.04"]
[SourceQuality "1"]

1. c4 c5 2. Nc3 Nc6 3. g3 g6 4. Bg2 Bg7 5. d3 e5 6. e4 Nge7 7. Nge2 d6 8. 0-0 h5 9. h3 Be6 10. Nd5 Qd7 11. Bg5 Ng8 12. h4 f6 13. Be3 0-0-0 14. Rb1 g5 15. f3 gxh4 16. gxh4 Bh6 17. Qd2 Bxe3+ 18. Qxe3 Rf8 19. f4 Nh6 20. f5 Bxd5 21. cxd5 Nd4 22. Bf3 Rfg8+ 23. Kf2 Ng4+ 24. Bxg4 Rxg4 25. Nxd4 cxd4 26. Qh3 Rhg8 27. Rg1 Qa4 28. Rbc1+ Kb8 29. Rxg4 Rxg4 30. Ke2 Qxa2 31. Rc2 Qb1 32. Rd2 Qg1 0-1

[Event "Wch Seniors 65 28th"]
[Site "Bled"]
[Date "2018.11.20"]
[Round "3"]
[White "Ostrowski, Michal"]
[Black "Brettschneider, Karl"]
[Result "0-1"]
[WhiteElo "1187"]
[BlackElo "2016"]
[PlyCount "128"]
[EventDate "2018.11.18"]
[EventType "swiss"]
[EventRounds "11"]
[EventCountry "SLO"]
[SourceTitle "CBM 187 Extra"]
[Source "ChessBase"]
[SourceDate "2018.11.04"]
[SourceVersion "1"]
[SourceVersionDate "2018.11.04"]
[SourceQuality "1"]

1. Nc3 g6 2. e4 Bg7 3. Nf3 c5 4. Bc4 e6 5. 0-0 a6 6. a3 Ne7 7. Ne2 d5 8. exd5 exd5 9. Ba2 0-0 10. c3 d4 11. cxd4 cxd4 12. d3 Nbc6 13. Ng3 Nf5 14. Nxf5 Bxf5 15. b4 Qd7 16. Bb2 Rae8 17. Qc2 Bg4 18. Nd2 Re2 19. Rae1 Rfe8 20. Rxe2 Rxe2 21. Bc1 Bf5 22. Bb1 Re8 23. Nc4 Qe7 24. Qd2 b5 25. Nb2 Bf8 26. h3 Bd7 27. Qg5 f6 28. Ba2+ Kh8 29. Qd2 Qe2 30. Bd5 Qe5 31. Bf3 Bd6 32. g3 Nd8 33. Bg2 Nf7 34. Qd1 Qe2 35. Bf3 Qxd1 36. Rxd1 Bxh3 37. g4 Ne5 38. Be4 Bxg4 39. Rf1 Be2 40. f4 Nd7 41. Rf2 Bg4 42. Kg2 Rc8 43. Rf1 Rc7 44. Kg1 Kg7 45. f5 g5 46. Bd5 Ne5 47. Be4 h5 48. Bxg5 fxg5 49. f6+ Kh6 50. Bd5 Nf7 51. Nd1 Bxd1 52. Rxd1 Kg6 53. Rf1 Bf4 54. Re1 Be3+ 55. Kg2 Kxf6 56. Rf1+ Bf4 57. Kf3 Ke5 58. Bxf7 Rxf7 59. Re1+ Be3+ 60. Kg2 g4 61. Re2 h4 62. Rc2 Rf2+ 63. Rxf2 Bxf2 64. Kxf2 Kf4 0-1

[Event "GER-ch Seniors 65"]
[Site "Hamburg"]
[Date "2018.07.29"]
[Round "9"]
[White "Klein, Reinhard"]
[Black "Brettschneider, Karl"]
[Result "1/2-1/2"]
[WhiteElo "1876"]
[BlackElo "2033"]
[PlyCount "40"]
[EventDate "2018.07.21"]
[EventType "swiss"]
[EventRounds "9"]
[EventCountry "GER"]
[SourceTitle "CBM 186 Extra"]
[Source "ChessBase"]
[SourceDate "2018.08.24"]
[SourceVersion "1"]
[SourceVersionDate "2018.08.24"]
[SourceQuality "1"]

1. d4 f5 2. Nf3 d5 3. Nc3 Nf6 4. Bf4 c6 5. e3 e6 6. Ne5 Be7 7. Bd3 0-0 8. h4 Nbd7 9. h5 Ne4 10. Qf3 Nxe5 11. Bxe5 Bf6 12. Qf4 Bd7 13. Bc7 Qe8 14. Bxe4 fxe4 15. Qg3 Rc8 16. Bd6 Be7 17. Be5 Bf6 18. Bd6 Be7 19. Be5 Bf6 20. Bd6 Be7 1/2-1/2

[Event "Baden Wuerttemberg-ch Seniors op 4th"]
[Site "Freudenstadt"]
[Date "2018.06.23"]
[Round "9"]
[White "Lutz, Albert"]
[Black "Brettschneider, Karl"]
[Result "1-0"]
[WhiteElo "2146"]
[BlackElo "2001"]
[PlyCount "55"]
[EventDate "2018.06.15"]
[EventType "swiss"]
[EventRounds "9"]
[EventCountry "GER"]
[SourceTitle "EXT 2019"]
[Source "ChessBase"]
[SourceDate "2018.10.10"]
[SourceVersion "1"]
[SourceVersionDate "2018.10.10"]
[SourceQuality "1"]

1. Nf3 f5 2. d4 Nf6 3. g3 d5 4. Bg2 e6 5. 0-0 Be7 6. c4 0-0 7. Nc3 c6 8. Ne5 Nbd7 9. cxd5 exd5 10. Nd3 Ne4 11. f3 Nxc3 12. bxc3 Nf6 13. Rb1 b5 14. a4 a6 15. Qb3 Bd7 16. e4 fxe4 17. fxe4 bxa4 18. Qa2 Be6 19. e5 Ne8 20. Rxf8+ Bxf8 21. Ba3 Nc7 22. Bxf8 Qxf8 23. Rf1 Qe7 24. Qxa4 Bd7 25. Qa5 Bg4 26. Nf4 Rb8 27. h3 Bd7 28. Qxc7 1-0

[Event "Sachsen-ch Seniors op 25th"]
[Site "Dresden"]
[Date "2017.10.08"]
[Round "4"]
[White "Brettschneider, Karl"]
[Black "Biebinger, Gerhard"]
[Result "0-1"]
[WhiteElo "1996"]
[BlackElo "2288"]
[PlyCount "84"]
[EventDate "2017.10.05"]
[EventType "swiss"]
[EventRounds "9"]
[EventCountry "GER"]
[SourceTitle "EXT 2019"]
[Source "ChessBase"]
[SourceDate "2018.10.10"]
[SourceVersion "1"]
[SourceVersionDate "2018.10.10"]
[SourceQuality "1"]

1. c4 g6 2. Nc3 Bg7 3. g3 Nf6 4. Bg2 0-0 5. d4 c6 6. e4 d6 7. Nge2 e5 8. 0-0 Nbd7 9. b3 Re8 10. Bb2 exd4 11. Nxd4 Nc5 12. Qc2 a5 13. Rad1 Qb6 14. Kh1 a4 15. Nxa4 Nxa4 16. bxa4 Qb4 17. a3 Qxa4 18. Qd3 Nd7 19. Bc1 Ne5 20. Qc2 Nxc4 21. Rd3 Ne5 22. Rd2 Nc4 23. Rd3 Bd7 24. Qd1 Qa6 25. Nc2 c5 26. f4 Ba4 27. Re1 Rad8 28. Re2 Qb6 29. Bf3 Qc7 30. Qe1 Bb5 31. Rb3 Bc6 32. Ne3 Rxe4 33. Bxe4 Bxe4+ 34. Kg1 Bd4 35. Kf2 d5 36. Bd2 Re8 37. Qg1 Bc2 38. Rc3 Bf5 39. Qc1 Nxd2 40. Rxd2 Qe7 41. Rd1 Bh3 42. Rcd3 Qe4 0-1